| 000 | 00370nam a2200145Ia 4500 | ||
|---|---|---|---|
| 005 | 20251028121424.0 | ||
| 008 | 081213s9999 xx 000 0 und d | ||
| 050 |
_aBP165 _b.M42 1981 |
||
| 100 | _aMaudoudiI, Abulala | ||
| 245 | _aWhat Islam stands for ? | ||
| 260 |
_c1975 _aNairobi _bIslamic Foundation |
||
| 300 |
_a47 p.; _c22cm |
||
| 650 | _aIslam | ||
| 942 |
_cBK _2lcc |
||
| 999 |
_c22365 _d22365 |
||